[Event "45th Olympiad 2024"]
[Site "Budapest HUN"]
[Date "2024.09.16"]
[Round "6.79"]
[Board "3"]
[White "Terubea, Ronald"]
[Black "Salvadora, Angelo"]
[Result "1-0"]
[WhiteElo "1836"]
[BlackElo "1812"]
[PlyCount "75"]
[EventDate "2024.09.11"]
[WhiteTeam "Fiji"]
[BlackTeam "Palau"]
[WhiteTeamCountry "FIJ"]
[BlackTeamCountry "PAL"]

1. e4 d6 2. Nf3 e5 3. d4 exd4 4. Nxd4 Bd7 5. Nc3 Nc6 6. Be3 a6 ({RR} 6... Nf6 7. f3 Be7 8. Qd2 a6 9. Nxc6 Bxc6 10. O-O-O b5 11. g4 h6 12. Bg2 Rb8 13. h4 Nd7 14. f4 Nb6 15. e5 Bxg2 16. Qxg2 Nc4 17. Bd4 Kf8 18. Qc6 Qe8 19. Qxc7 Rc8 20. Qb7 dxe5 21. fxe5 {1-0 Berg,E (2583)-Westerinen,H (2308) Oslo Sveins op 9th 2016 (3)}) ({RR} 6... Nf6 7. f3 Be7 8. Qd2 Nxd4 9. Bxd4 a6 10. a4 O-O 11. h4 Nh5 12. Bf2 c6 13. g4 Nf6 14. h5 b5 15. g5 Ne8 16. Be3 b4 17. Ne2 d5 18. Ng3 dxe4 19. Nxe4 Qc7 20. O-O-O Rd8 21. Qg2 {0-1 Desideri,R (1959)-Floresvillar Gonzalez,L (2075) Titled Tue 7th Mar Late 2023 (11)}) 7. Be2 g6 8. h4 $146 ({RR} 8. a3 Bg7 9. O-O Nxd4 10. Bxd4 Bxd4 11. Qxd4 Qf6 12. Qb4 Bc6 13. Nd5 Bxd5 14. exd5 b5 15. a4 Ne7 16. Rfd1 O-O 17. axb5 axb5 18. Qxb5 Rab8 19. Qc4 Rxb2 20. Rab1 Rxb1 21. Rxb1 Qe5 22. Bf3 Kg7 {1-0 Matusiak,M (1800)-Pitula,A (1342) Wloclawek CC Classic 07th 2013 (6)}) 8... Bh6 9. Nxc6 Bxc6 10. Qd4 f6 11. f4 Bg7 12. Qd2 Ne7 13. O-O-O Qd7 14. h5 h6 15. hxg6 O-O-O 16. f5 d5 17. Bxh6 Bxh6 18. Rxh6 Rxh6 19. Qxh6 Qe8 20. g4 d4 21. Nd5 Nxd5 22. exd5 Bxd5 23. Bd3 Qe7 24. Qd2 Bxa2 25. Re1 Qd6 26. g5 Bg8 27. Rg1 c5 28. gxf6 Qxf6 29. Qg5 Rd6 30. Qxf6 Rxf6 31. Rh1 Kd7 32. Rh8 Rf8 33. f6 Ke8 34. g7 Rxf6 35. Rxg8+ Kf7 36. Bc4+ Kg6 37. Rb8 b5 38. g8=Q+ 1-0

[Event "45th Olympiad 2024"]
[Site "Budapest HUN"]
[Date "2024.09.16"]
[Round "6.79"]
[Board "4"]
[White "Mahor Jr, Manuel"]
[Black "Maharaj, Yash Krishen"]
[Result "0-1"]
[WhiteElo "1759"]
[BlackElo "1847"]
[PlyCount "80"]
[EventDate "2024.09.11"]
[WhiteTeam "Palau"]
[BlackTeam "Fiji"]
[WhiteTeamCountry "PAL"]
[BlackTeamCountry "FIJ"]

1. c4 g6 2. Nc3 Bg7 3. g3 c5 4. Bg2 Nc6 5. Nf3 e5 6. d3 Nge7 7. O-O d6 8. e4 a6 ({RR} 8... h6 9. Be3 Be6 10. Nd5 Rc8 11. Rc1 Qd7 12. a3 Nd4 {½-½ Salvador,R (2461)-Sanchez,J (2463) Venice Autumn op 15th 2009 (4)}) ({RR} 8... Rb8 9. Be3 a6 10. Qd2 b5 11. Bh6 O-O 12. Nh4 Bxh6 13. Qxh6 bxc4 14. Nf3 f6 15. dxc4 Rxb2 16. Nd1 Rb8 17. Ne3 Kh8 18. Qh4 g5 19. Qh6 Qe8 20. Nxg5 fxg5 21. Qxd6 Qd8 22. Qxc5 Qd4 23. Qa3 {0-1 Iudicello,M (2116)-Giordani,L (2035) 83rd ch-ITA Semi-Final 2024 (9.22)}) 9. a4 $146 ({RR} 9. Be3 O-O 10. Qd2 Nd4 11. Rab1 Bg4 12. Ne1 b5 13. Bxd4 exd4 14. Nd5 Nxd5 15. exd5 Re8 16. f3 Bf5 17. g4 Bd7 18. b3 Qh4 19. g5 Re3 20. Nc2 Be5 {0-1 Brezmen,P (2080)-Priehoda,V (2387) CZE-chT2c 0607 2006 (5.1)}) ({RR} 9. Rb1 Rb8 10. a4 O-O 11. Ne1 Nd4 12. Be3 Bd7 13. Bxd4 cxd4 14. Nd5 b5 15. axb5 axb5 16. b3 Nxd5 17. cxd5 b4 18. Qd2 Qb6 19. h4 Rfc8 20. Kh2 Rc3 21. Bh3 Bxh3 22. Kxh3 Ra8 23. h5 Ra3 {0-1 Gonzalez Galeano,V (1729)-Aguero Centurio,A (1974) Asuncion Bobby Fischer U2000 2018 (7.3)}) ({RR} 9. Nh4 O-O 10. f4 exf4 11. Bxf4 Rb8 12. Qd2 Bh8 13. Bh6 Re8 14. Bg5 Qa5 15. Qf4 Ne5 16. Bxe7 Rxe7 17. Nd5 Re8 18. Nf6+ Bxf6 19. Qxf6 Qd8 20. Qf2 Be6 21. Rad1 Qa5 22. b3 Nc6 23. Qf4 Rbd8 {½-½ Nunez Painchaud,R-Zhu,H (2293) Laval op 2018 (1)}) 9... Rb8 10. h3 O-O 11. Bg5 f6 12. Be3 Be6 13. Ne1 Qd7 14. Kh2 Nb4 15. Nc2 Nec6 16. Nd5 Nxc2 17. Qxc2 Bxd5 18. cxd5 Ne7 19. h4 h5 20. Qd2 Kh7 21. f4 f5 22. Bh3 b5 23. axb5 Rxb5 24. Rab1 Rfb8 25. Bg2 Qc7 26. Qc2 exf4 27. Bxf4 Rxb2 28. Rxb2 Rxb2 29. Qa4 Rb6 30. Qa5 Qb7 31. Bg5 Ng8 32. exf5 Nf6 33. fxg6+ Kxg6 34. Bxf6 Bxf6 35. Be4+ Kg7 36. Qa4 Rb2+ 37. Kh3 Qb5 38. Qd1 Qe8 39. Qf3 Qe5 40. g4 Rh2# 0-1

[Event "45th Olympiad 2024"]
[Site "Budapest HUN"]
[Date "2024.09.16"]
[Round "6.80"]
[Board "1"]
[White "Thabang, Mphane"]
[Black "Hemam, Moulaye Brahim"]
[Result "0-1"]
[WhiteElo "1799"]
[BlackElo "1977"]
[PlyCount "120"]
[EventDate "2024.09.11"]
[WhiteTeam "Lesotho"]
[BlackTeam "Mauritania"]
[WhiteTeamCountry "LES"]
[BlackTeamCountry "MAU"]

1. Nf3 Nf6 2. c4 g6 3. g3 Bg7 4. Bg2 O-O 5. O-O d6 6. Nc3 e5 7. d3 Nc6 8. Nh4 Be6 9. b4 $146 ({RR} 9. Nd5 Nh5 10. e4 Nd4 11. Be3 c6 12. Nc3 Nf4 13. Bxd4 exd4 14. Ne2 Nxg2 15. Nxg2 Qe7 16. Nef4 Bd7 17. Qb3 Rab8 18. a4 Be5 19. Rae1 Bxf4 20. Nxf4 g5 21. Ng2 Be6 22. f4 f6 23. Qd1 h6 {0-1 Hantusch,R (1889)-Badestein,H (2116) Berlin Lichtenberger Sommer 2nd 2003 (9.36)}) 9... Nxb4 10. Rb1 Nc6 11. Rxb7 d5 12. Ba3 Re8 13. Qa4 Nd4 14. e3 Bd7 15. Qa5 Nc2 16. Bc5 e4 17. dxe4 dxe4 18. Rb2 g5 19. Nf3 exf3 20. Bxf3 Bf5 21. Rd1 Nd7 22. g4 Qf6 23. gxf5 Nxc5 24. Bxa8 Rxa8 25. Rxc2 Qxf5 26. Re2 Qg4+ 27. Kf1 Qh3+ 28. Ke1 Bxc3+ 29. Qxc3 Ne4 30. Qe5 Qf3 31. Rc2 Qg2 32. Qf5 Re8 33. Rd7 Nd6 34. Qf6 Qg1+ 35. Ke2 Qg4+ 36. f3 Qxd7 37. Qxg5+ Kf8 38. Qh6+ Ke7 39. Qg5+ f6 40. Qg7+ Nf7 41. Rd2 Qf5 42. Qg3 Qe5 43. f4 Qe4 44. Rd4 Qc2+ 45. Kf3 Qg6 46. Qh3 f5 47. Qh4+ Kf8 48. h3 Qc6+ 49. Kf2 Rb8 50. Rd2 Qg6 51. Qg3 Nd6 52. Qxg6 hxg6 53. Kf3 Ke7 54. c5 Ne4 55. Rd5 Rd8 56. Re5+ Kf6 57. a4 Rd2 58. Rxe4 fxe4+ 59. Kxe4 c6 60. h4 a5 0-1

[Event "45th Olympiad 2024"]
[Site "Budapest HUN"]
[Date "2024.09.16"]
[Round "6.80"]
[Board "2"]
[White "Abdellahi Khaled Abdellahi"]
[Black "Tsephe, Lebajoa"]
[Result "0-1"]
[WhiteElo "1894"]
[BlackElo "1900"]
[PlyCount "86"]
[EventDate "2024.09.11"]
[WhiteTeam "Mauritania"]
[BlackTeam "Lesotho"]
[WhiteTeamCountry "MAU"]
[BlackTeamCountry "LES"]

1. e4 c5 2. Nf3 d6 3. d4 cxd4 4. Nxd4 Nf6 5. Nc3 a6 6. Rg1 e5 7. Nb3 h5 8. h3 h4 9. Be3 Be6 10. Qd2 Nbd7 11. O-O-O b5 12. a3 ({RR} 12. f4 b4 13. Nd5 Nxe4 14. Qxb4 Bxd5 15. Rxd5 Ndf6 16. Qa4+ Ke7 17. Rd1 Qd7 18. Qb4 Ke6 19. fxe5 d5 20. Qb6+ Kxe5 21. Bd3 Rc8 22. Bd4+ Kf5 23. Bxf6 gxf6 24. Bxe4+ Kxe4 25. Qxf6 Bh6+ 26. Kb1 Qc6 {1-0 Brodsky,D (2515)-Bulmaga,I (2429) Titled Tue 26th Mar Late 2024 (5)}) 12... Qb8 $146 ({RR} 12... Be7 13. Kb1 Qc7 14. f4 Nb6 15. Na5 Na4 16. Nxa4 Nxe4 17. Qd3 Qxa5 18. Qxe4 d5 19. Rxd5 Bxd5 20. Qxd5 Qe1+ 21. Ka2 O-O 22. Qe4 Qg3 23. Nb6 Rae8 24. Nd7 f5 25. Qd5+ Kh8 26. Nxf8 Qxe3 27. Ng6+ {1-0 Massironi,M (2139)-Frescura,D (2050) 54th Italian Teams GpA 2023 (3)}) 13. f4 Bxb3 14. cxb3 Qb7 15. Bd3 Be7 16. Kb1 exf4 17. Bxf4 Nc5 18. Bxd6 Bxd6 19. Bxb5+ axb5 20. Qxd6 Ne6 21. Nd5 Rh5 22. Rge1 Rd8 23. Nxf6+ gxf6 24. Qb4 Rxd1+ 25. Rxd1 Re5 26. Re1 Ng5 27. Ka2 Nxe4 28. Rd1 Qe7 29. Qa5 Kf8 30. Qa8+ Kg7 31. Rd8 f5 32. Rg8+ Kf6 33. Qc6+ Qd6 34. Qc1 Qd2 35. Qc6+ Re6 36. Qc8 b4 37. Qd8+ Qxd8 38. Rxd8 Rd6 39. Rb8 bxa3 40. bxa3 Rd2+ 41. Kb1 Rxg2 42. a4 f4 43. Rb4 Nc3+ 0-1

[Event "45th Olympiad 2024"]
[Site "Budapest HUN"]
[Date "2024.09.16"]
[Round "6.80"]
[Board "3"]
[White "Karabo Mokete"]
[Black "Cheikhna, Mohamed Lemine"]
[Result "1-0"]
[WhiteElo "1836"]
[BlackElo "1884"]
[PlyCount "47"]
[EventDate "2024.09.11"]
[WhiteTeam "Lesotho"]
[BlackTeam "Mauritania"]
[WhiteTeamCountry "LES"]
[BlackTeamCountry "MAU"]

1. d4 d6 2. c4 g6 3. Nf3 Bg7 4. g3 e5 5. Nc3 exd4 6. Nxd4 Ne7 7. Bg2 O-O 8. O-O Nbc6 9. Nxc6 Nxc6 10. Nd5 ({RR} 10. Bd2 Be6 11. b3 Qd7 12. Re1 Bh3 13. Bh1 Rae8 14. Rc1 h5 15. Nd5 h4 16. Bc3 Ne5 17. Nf4 Bg4 18. c5 g5 19. Nd3 dxc5 20. Nxe5 Qxd1 21. Rcxd1 Bxe5 22. Bxe5 Rxe5 23. Bxb7 Rxe2 24. f3 Rxe1+ {½-½ Huang,Q (2487)-Kurnosov,I (2657) Biel MTO op 46th 2013 (9)}) 10... Be6 ({RR} 10... Ne5 11. Qc2 Bf5 12. e4 Bd7 13. Bd2 Bc6 14. Bc3 a6 15. f4 Nd7 16. Bxg7 Kxg7 17. Qc3+ Kg8 18. Rad1 Bxd5 19. cxd5 Rc8 20. Rfe1 c6 21. dxc6 Rxc6 22. Qb4 Qb6+ 23. Qxb6 Rxb6 24. Re2 Nc5 25. Red2 {1-0 Lie,K (2512)-Olenik Campa,R (2299) Titled Tue 2nd Jan Late 2024 (9)}) 11. h3 $146 ({RR} 11. Rb1 Ne5 12. b3 Bf5 13. Rb2 Qd7 14. Re1 Rab8 15. Rd2 Bh3 16. Bb2 Bxg2 17. Kxg2 Qc6 18. Kg1 Rfe8 19. Qa1 Re6 20. Rdd1 Rbe8 21. Kf1 f6 22. f3 a5 23. Bc3 b6 24. Qb2 Qb7 25. Qd2 g5 {1-0 Wojcieszyn,Z (2140)-Misiejuk,Z POL-ch blind 29th 2000 (12)}) 11... Ne5 12. Qb3 c6 13. Ne3 b5 14. Qc2 Nxc4 15. Nxc4 Bxc4 16. Bxc6 Rc8 17. Bf3 Qe7 18. Qd2 Rfd8 19. a4 Rb8 20. Qa5 b4 21. Bg5 f6 22. Be3 Rd7 23. Rac1 Qe6 24. Rxc4 1-0

[Event "45th Olympiad 2024"]
[Site "Budapest HUN"]
[Date "2024.09.16"]
[Round "6.80"]
[Board "4"]
[White "Abdou Ahmed Alem"]
[Black "Motlomelo, Lihloela"]
[Result "1/2-1/2"]
[WhiteElo "1897"]
[BlackElo "1696"]
[PlyCount "255"]
[EventDate "2024.09.11"]
[WhiteTeam "Mauritania"]
[BlackTeam "Lesotho"]
[WhiteTeamCountry "MAU"]
[BlackTeamCountry "LES"]

1. d4 d5 2. Bf4 e6 3. e3 Bd6 4. Bg3 Nf6 5. Bd3 Bxg3 6. hxg3 c5 7. c3 cxd4 8. exd4 Qb6 9. Qb3 $146 ({RR} 9. Qe2 Nc6 10. Nf3 h6 11. b3 Bd7 12. Nbd2 Rc8 13. O-O Qd8 14. Rac1 O-O 15. Bb1 Re8 16. Ne5 Nxe5 17. dxe5 Nh7 18. c4 Bc6 19. c5 a6 20. Nf3 Nf8 21. Nd4 Qa5 22. Qb2 Qc7 23. f4 Qe7 {1-0 Brinovec,D (2245)-Kersic,M (2087) Portoroz Nat Festival 30th 2020 (5)}) 9... Qxb3 10. axb3 Bd7 11. Nf3 h6 12. Nbd2 Nc6 13. b4 O-O 14. b5 Ne7 15. Ke2 Nc8 16. b3 Nd6 17. c4 a6 18. bxa6 dxc4 19. Nxc4 Nxc4 20. Bxc4 bxa6 21. Rxa6 Rxa6 22. Bxa6 Ra8 23. Bd3 Ra2+ 24. Nd2 Nd5 25. Rc1 g6 26. Rc5 Kg7 27. Bc4 Nf6 28. Kd3 Kf8 29. b4 Ra3+ 30. Kc2 Ra7 31. b5 Rb7 32. Kc3 Ne8 33. Kb4 Nd6 34. Nb3 f6 35. Na5 Rb6 36. Rc7 Bxb5 37. Kc5 Nxc4 38. Nxc4 Rb8 39. Nd6 Be8 40. Rh7 h5 41. Rh8+ Ke7 42. f3 Rd8 43. g4 hxg4 44. fxg4 Rxd6 45. Rh7+ Bf7 46. Rxf7+ Kxf7 47. Kxd6 g5 48. Kc5 Ke7 49. Kc6 e5 50. dxe5 fxe5 51. Kd5 Kf6 52. Ke4 Ke6 53. g3 Kd6 54. Kf5 Kd5 55. Kxg5 Kd4 56. Kh4 e4 57. g5 e3 58. g6 e2 59. g7 e1=Q 60. g8=Q Qh1+ 61. Kg4 Qe4+ 62. Kh5 Qh1+ 63. Kg5 Qc1+ 64. Kf6 Qc6+ 65. Kg5 Qc1+ 66. Kg6 Qc6+ 67. Kh7 Qe4+ 68. Qg6 Qh1+ 69. Kg7 Qb7+ 70. Kh6 Qh1+ 71. Qh5 Qc6+ 72. Kg5 Qd5+ 73. Kh4 Qh1+ 74. Kg4 Qe4+ 75. Kg5 Qe5+ 76. Kh4 Qf6+ 77. Qg5 Qh8+ 78. Kg4 Qc8+ 79. Kh5 Qe8+ 80. Qg6 Qe5+ 81. Kh6 Qh8+ 82. Kg5 Qe5+ 83. Kh4 Qe7+ 84. Qg5 Qh7+ 85. Kg4 Qd7+ 86. Kh4 Qh7+ 87. Qh5 Qe7+ 88. Kh3 Ke3 89. g4 Qe4 90. Qg5+ Ke2 91. Qb5+ Ke1 92. Qa5+ Ke2 93. Qa2+ Kf1 94. Qa1+ Ke2 95. Qb2+ Ke1 96. Qc3+ Ke2 97. Kg3 Qe6 98. Qf3+ Kd2 99. Qf4+ Kd1 100. g5 Qe1+ 101. Kg4 Qg1+ 102. Kf5 Qc5+ 103. Kg6 Qc6+ 104. Qf6 Qe4+ 105. Kg7 Qb7+ 106. Qf7 Qb2+ 107. Kg8 Qb8+ 108. Kh7 Qh2+ 109. Kg7 Qe5+ 110. Qf6 Qc7+ 111. Kg6 Qc2+ 112. Kf7 Qc7+ 113. Qe7 Qf4+ 114. Kg6 Qc4 115. Qd6+ Kc1 116. Kh5 Qe2+ 117. Kh6 Qg4 118. g6 Qh3+ 119. Kg7 Qc3+ 120. Qf6 Qc7+ 121. Qf7 Qe5+ 122. Kg8 Qb8+ 123. Qf8 Qb3+ 124. Kh7 Qd3 125. Qc8+ Kd2 126. Kh8 Qxg6 127. Qg8 Qxg8+ 128. Kxg8 1/2-1/2

[Event "45th Olympiad 2024"]
[Site "Budapest HUN"]
[Date "2024.09.16"]
[Round "6.81"]
[Board "1"]
[White "Hamperl, Fred"]
[Black "Kamara, Ansumana"]
[Result "1-0"]
[WhiteElo "1977"]
[BlackElo "1876"]
[PlyCount "162"]
[EventDate "2024.09.11"]
[WhiteTeam "Guernsey"]
[BlackTeam "Sierra Leone"]
[BlackTeamCountry "SIE"]

1. e4 e5 2. Nf3 Nc6 3. Nc3 Nf6 4. d4 exd4 5. Nxd4 Nxd4 6. Qxd4 d6 7. Bc4 Be7 8. O-O O-O 9. h3 a6 10. a4 c6 ({RR} 10... b6 11. Nd5 Nxd5 12. Bxd5 Rb8 13. Qd3 Bf6 14. c3 b5 15. axb5 axb5 16. Be3 b4 17. Ba7 Bd7 18. Bxb8 Qxb8 19. Ra8 Qb6 20. Rfa1 bxc3 21. Qc4 g6 22. Bxf7+ Kg7 23. Rxf8 Kxf8 24. Bg8 Be8 25. Ra8 {1-0 Masternak,G (2350)-Zapolskis,A (2360) Zlin op 1995 (4)}) ({RR} 10... Nd7 11. Bf4 Bf6 12. Qd2 Ne5 13. Be2 Be6 14. Bg3 Re8 15. Rfe1 h6 16. f4 Nc4 17. Bxc4 Bxc4 18. Rad1 b5 19. b3 Be6 20. axb5 Bxc3 21. Qxc3 axb5 22. f5 Bd7 23. e5 Bxf5 24. exd6 Rxe1+ 25. Qxe1 {1-0 Riff,V (2380)-Senft,S (2089) Titled Tue 28th Feb Late 2023 (3)}) 11. Bf4 c5 $146 ({RR} 11... Ne8 12. Rfd1 Be6 13. Be2 Qc7 14. Qe3 Rd8 15. Qg3 Qc8 16. Rd2 Kh8 17. Rad1 f5 18. e5 d5 19. h4 Nc7 20. Bf3 b5 21. axb5 axb5 22. Ne2 Qb7 23. Bg5 Bxg5 24. hxg5 Bf7 25. Nf4 Ne6 26. Be2 {1-0 Hricak,V (2118)-Urbanic,M (1910) SVK-chT1W 1314 2013 (10.7)}) 12. Qd3 Qc7 13. Rad1 Rd8 14. Rfe1 Be6 15. Nd5 Bxd5 16. Bxd5 Rac8 17. c4 Nxd5 18. Qxd5 Qc6 19. b3 h6 20. Qf5 Bf6 21. Bxd6 Bd4 22. Bf4 Qb6 23. Rb1 Rc6 24. e5 Rg6 25. Re2 Qc6 26. Qe4 Qe6 27. Be3 Bxe5 28. Bxc5 Qxh3 29. f4 Qc8 30. Bb6 Rxb6 31. fxe5 Re6 32. Rbe1 Qc5+ 33. Kf1 b5 34. cxb5 axb5 35. b4 Qb6 36. a5 Qa7 37. Qc2 Rd4 38. Re4 g6 39. Qc3 Rd5 40. Rc1 Kg7 41. Qc7 Qa8 42. Re2 Qe8 43. Rc5 Rd4 44. Rb2 Rd7 45. Qc8 Qxc8 46. Rxc8 Rxe5 47. Rc5 Kf6 48. Rf2+ Ke6 49. Rc6+ Ke7 50. Rb2 h5 51. Rb6 Rc7 52. Re2 Rc1+ 53. Kf2 Rxe2+ 54. Kxe2 Rc2+ 55. Kf3 Rc3+ 56. Kf2 Rc2+ 57. Kg1 Rb2 58. Rxb5 Kd6 59. Rb7 Ra2 60. Rxf7 Ra4 61. Rb7 g5 62. Kf2 Kc6 63. Rb6+ Kc7 64. Rb5 h4 65. Rxg5 Rxb4 66. Kf3 Rb3+ 67. Kg4 Rb4+ 68. Kh3 Ra4 69. Rg4 Rxa5 70. Kxh4 Kd6 71. Re4 Kd5 72. Re8 Kd6 73. g4 Ra7 74. g5 Rh7+ 75. Kg4 Re7 76. Rf8 Rh7 77. g6 Rh1 78. Re8 Kd7 79. Re4 Rh8 80. Kg5 Re8 81. Rxe8 Kxe8 1-0

[Event "45th Olympiad 2024"]
[Site "Budapest HUN"]
[Date "2024.09.16"]
[Round "6.81"]
[Board "2"]
[White "Winston Gerald, Mansfield Thomas"]
[Black "Brookfield, Toby"]
[Result "1-0"]
[WhiteElo "1950"]
[BlackElo "1872"]
[PlyCount "105"]
[EventDate "2024.09.11"]
[WhiteTeam "Sierra Leone"]
[BlackTeam "Guernsey"]
[WhiteTeamCountry "SIE"]

1. d4 Nf6 2. c4 c5 3. d5 e6 4. dxe6 fxe6 5. Nc3 Be7 6. Bg5 O-O 7. Nf3 Nc6 8. e3 b6 9. Be2 $146 ({RR} 9. Bd3 Bb7 10. O-O Nb4 11. Be2 h6 12. Bh4 Qe8 13. a3 Nc6 14. Qc2 Qf7 15. Rad1 Rad8 16. Rd3 Qg6 17. Rd2 Qf7 18. Rfd1 a5 19. Bd3 Rfe8 20. Bg6 Qf8 21. Bxe8 Qxe8 22. Bxf6 Bxf6 23. Rd3 Bxc3 {1-0 Azamfirei,S-Bacanu,M ROM-ch U08 Girls 2010 (8)}) ({RR} 9. a3 Ng4 10. Bxe7 Qxe7 11. h3 Nf6 12. Bd3 Bb7 13. Qc2 d5 14. O-O-O Na5 15. Ng5 h6 16. h4 hxg5 17. hxg5 Ne4 18. Nxe4 dxe4 19. Bxe4 Qxg5 20. Bh7+ Kf7 21. Rd7+ Kf6 22. f4 Qxg2 23. Qc3+ {1-0 Castillo Munoz,E-Castillo Miranda,M (1475) 4th Panama Open 2023 (4.26)}) 9... Bb7 10. O-O Ne8 11. Bf4 Nf6 12. Bd6 Bxd6 13. Qxd6 Ne8 14. Qg3 d5 15. Qh3 Rf6 16. Rad1 Rh6 17. Qg3 Nf6 18. Ne5 Qe7 19. Rd2 d4 20. Nxc6 Bxc6 21. Bf3 dxc3 22. Bxc6 Rc8 23. Qd6 Qxd6 24. Rxd6 cxb2 25. Bf3 Rh4 26. Be2 Ne4 27. Rd3 Kf7 28. g3 Rh6 29. f3 Nf6 30. Rb1 Ke7 31. Rxb2 Rd8 32. Rbd2 Rxd3 33. Rxd3 e5 34. f4 Nd7 35. Kg2 exf4 36. exf4 Rd6 37. Kf3 Rxd3+ 38. Bxd3 h6 39. Ke4 Ke6 40. f5+ Kd6 41. g4 Ne5 42. Be2 Nc6 43. a3 Nd4 44. Bd3 a6 45. a4 Kc6 46. h4 b5 47. cxb5+ axb5 48. Bxb5+ Nxb5 49. axb5+ Kxb5 50. g5 hxg5 51. hxg5 Kc6 52. f6 gxf6 53. g6 1-0

[Event "45th Olympiad 2024"]
[Site "Budapest HUN"]
[Date "2024.09.16"]
[Round "6.81"]
[Board "3"]
[White "Owen, Garth I"]
[Black "Adeshole Beckley, Brian"]
[Result "1-0"]
[WhiteElo "1810"]
[BlackElo "1814"]
[PlyCount "101"]
[EventDate "2024.09.11"]
[WhiteTeam "Guernsey"]
[BlackTeam "Sierra Leone"]
[BlackTeamCountry "SIE"]

1. c4 c6 2. Nf3 d5 3. b3 Nf6 4. g3 g6 5. Bb2 Bg7 6. Bg2 O-O 7. O-O Bf5 8. d3 Re8 9. Nbd2 Bg4 ({RR} 9... a5 10. Rc1 Na6 11. Re1 Bg4 12. h3 Bxf3 13. Nxf3 e6 14. d4 Qd6 15. Ne5 Nd7 16. Nxd7 Qxd7 17. e3 Red8 18. Qd2 a4 19. bxa4 Nc7 20. a5 Ra7 21. cxd5 exd5 22. Bf1 Rda8 23. Bc3 Bf6 24. h4 {1-0 Gokerkan,C (2421)-Puranik,A (2550) Barcelona Sants op 21st 2019 (7)}) ({RR} 9... Nfd7 10. Bxg7 Kxg7 11. Nd4 Nc5 12. Nxf5+ gxf5 13. Qc1 Qd6 14. Nf3 Nbd7 15. Nh4 e6 16. b4 Na6 17. a3 Nc7 18. e4 fxe4 19. dxe4 Qe5 20. exd5 cxd5 21. Re1 Qf6 22. cxd5 Nxd5 23. Bxd5 exd5 24. Qd2 {1-0 Pires,M (2238)-Goncalves,N (2013) 9th Floripa Open 2023 (4.21)}) 10. h3 Bxf3 11. Nxf3 e6 $146 ({RR} 11... Nbd7 12. Qc2 e5 13. e3 a5 14. e4 Rc8 15. Rfe1 d4 16. c5 Bf8 17. Ba3 Nb8 18. h4 Na6 19. Bh3 Rb8 20. Qc4 h6 21. Bc1 Nd7 22. h5 g5 23. Bf5 Nb4 24. Bxd7 Qxd7 25. a3 Na6 26. b4 {1-0 Marth,J (2036)-Torwelle,M (1560) Bad Zwesten op 9th 2005 (7)}) 12. Qc2 Nbd7 13. e4 Qb6 14. e5 Nh5 15. d4 f6 16. c5 Qc7 17. exf6 Bxf6 18. Rae1 e5 19. dxe5 Nxe5 20. Nxe5 Bxe5 21. Rxe5 Rxe5 22. Qc3 Rae8 23. f4 Nxg3 24. Qxg3 Re2 25. Qc3 Rxb2 26. Qxb2 Qe7 27. Qf2 Qe2 28. Qxe2 Rxe2 29. Rf2 Re1+ 30. Kh2 Kg7 31. Bf3 Kf6 32. Bg4 Re7 33. Re2 Rxe2+ 34. Bxe2 Kf5 35. Kg3 Ke4 36. h4 d4 37. h5 a5 38. hxg6 hxg6 39. Kg4 d3 40. Bd1 Kd4 41. Kg5 Ke4 42. Kxg6 Kxf4 43. Kf6 Ke4 44. Ke6 Kd4 45. Kd6 Kc3 46. Kc7 Kd4 47. Kb6 Kd5 48. a3 Kd4 49. b4 axb4 50. axb4 Kc4 51. Kxb7 1-0

[Event "45th Olympiad 2024"]
[Site "Budapest HUN"]
[Date "2024.09.16"]
[Round "6.81"]
[Board "4"]
[White "Abdul Rahman Toronka"]
[Black "Hill, Jonathan"]
[Result "0-1"]
[WhiteElo "1557"]
[BlackElo "1756"]
[PlyCount "120"]
[EventDate "2024.09.11"]
[WhiteTeam "Sierra Leone"]
[BlackTeam "Guernsey"]
[WhiteTeamCountry "SIE"]

1. e4 c6 2. d4 d5 3. e5 e6 4. c3 c5 5. Nf3 Nc6 6. Be2 ({RR} 6. Bd3 Bd7 7. O-O Rc8 8. dxc5 Bxc5 9. Nbd2 Nge7 10. Nb3 Bb6 11. Re1 Ng6 12. Bg5 f6 13. exf6 gxf6 14. Bh6 Kf7 15. c4 Nce7 16. Rc1 dxc4 17. Rxc4 Rxc4 18. Bxc4 Nf5 19. Bd2 Re8 20. Bc3 Bc6 {1-0 Zhigalko,S (2572)-Melkumyan,H (2649) Titled Tuesday intern op 05th Apr Late blitz 2022 (10)}) ({RR} 6. Bd3 Bd7 7. O-O Rc8 8. dxc5 Bxc5 9. b4 Bb6 10. Re1 Nge7 11. h4 h6 12. h5 a6 13. a3 Qc7 14. Nbd2 Ba7 15. Bb2 b5 16. a4 bxa4 17. Qe2 Nb8 18. c4 Nbc6 19. Ba3 Qb6 20. c5 Qc7 {1-0 Scarsi,A (2073)-Romano,G (1795) Buenos Aires Masters 2024 (1.37)}) 6... h6 $146 ({RR} 6... cxd4 7. cxd4 Nge7 8. O-O Qb6 9. Nc3 Bd7 10. Na4 Qc7 11. Nc5 Nf5 12. Nb3 Be7 13. Bd3 O-O 14. g4 Nh4 15. Nxh4 Bxh4 16. g5 g6 17. Qg4 Nb4 18. Bb1 Bb5 19. Rd1 Nc2 20. Qxh4 Qc4 21. Bxc2 {1-0 Gonzalez,J-Ariznavarreta Alonso,E Asturias-chT 1998}) ({RR} 6... Qb6 7. O-O cxd4 8. cxd4 Bd7 9. b3 Nge7 10. Bb2 Rc8 11. Nc3 Nf5 12. Na4 Qa5 13. Qd3 Nb4 14. Qd1 Bxa4 15. bxa4 a6 16. Rc1 Rxc1 17. Qxc1 Nc6 18. Qc2 Qb4 19. Rd1 Be7 20. Qb3 O-O 21. Bc3 {0-1 Klabyte,R (1497)-Sabaliauskas,M Baltija Cup op-A 2011 (4)}) ({RR} 6... cxd4 7. cxd4 Nge7 8. Na3 a6 9. O-O Ng6 10. Nc2 Be7 11. Nfe1 O-O 12. f4 Bd7 13. g4 f5 14. Bd3 Nb4 15. Nxb4 Bxb4 16. Nc2 Ba5 17. gxf5 exf5 18. Qh5 Be6 19. Be3 Qh4 20. Qf3 Qe7 21. Kh1 {0-1 Ferrara,V (1382)-Langr,P (1538) World Corporate East C rapid 2021 (3.9)}) 7. Qc2 Bd7 8. Nbd2 Rc8 9. Nf1 cxd4 10. Qd3 dxc3 11. bxc3 Nge7 12. Bf4 Ng6 13. Bg3 Be7 14. Qe3 Nh4 15. Nxh4 Bxh4 16. Nd2 Bg5 17. Qd3 a6 18. Nf3 Be7 19. O-O Na5 20. Rfc1 Bb5 21. Qe3 Bc5 22. Bxb5+ axb5 23. Qe2 Nc4 24. Nd2 O-O 25. Nb3 Bb6 26. Nd4 Qd7 27. Rab1 Bxd4 28. cxd4 Na3 29. Rxc8 Rxc8 30. Rd1 Rc2 31. Rd2 Qc6 32. Rxc2 Qxc2 33. Qxc2 Nxc2 34. Bf4 Nxd4 35. Be3 Nc6 36. f4 Nb4 37. a3 Nc2 38. Bc5 Kh7 39. Kf1 Na1 40. Ke2 Nb3 41. Bb4 b6 42. Kd3 Nc5+ 43. Kd4 Nb3+ 44. Kc3 Nc5 45. Kd4 Nb7 46. Bd6 Kg6 47. g4 f5 48. h3 fxg4 49. hxg4 h5 50. gxh5+ Kxh5 51. f5 exf5 52. e6 Nxd6 53. Ke5 Ne8 54. Kxf5 d4 55. Ke4 d3 56. Kxd3 Kg5 57. Kc3 Kf6 58. Kb4 Nd6 59. a4 Kxe6 60. axb5 g5 0-1

[Event "45th Olympiad 2024"]
[Site "Budapest HUN"]
[Date "2024.09.16"]
[Round "6.82"]
[Board "1"]
[White "Stetsenko, Ilya"]
[Black "Bhakta Bahadur Monger"]
[Result "1-0"]
[WhiteElo "1903"]
[BlackElo "1911"]
[PlyCount "87"]
[EventDate "2024.09.11"]
[WhiteTeam "Aruba"]
[BlackTeam "Bhutan"]
[WhiteTeamCountry "ARN"]
[BlackTeamCountry "BTN"]

1. d4 Nf6 2. c4 e6 3. Nf3 Bb4+ 4. Bd2 Bxd2+ 5. Qxd2 O-O 6. Nc3 d5 7. e3 b6 8. cxd5 Nxd5 9. e4 ({RR} 9. Rc1 Bb7 10. Nxd5 Bxd5 11. Bd3 h6 12. Qc2 c5 13. dxc5 Nd7 14. e4 Bc6 15. cxb6 Rc8 16. bxa7 Qa5+ 17. Qc3 Qxa7 18. O-O Nf6 19. a3 Bxe4 20. Qxc8 Rxc8 21. Rxc8+ Kh7 22. Rd1 Bxd3 23. Rxd3 Qb7 {1-0 Le,Q (2728)-Carlsen,M (2859) Meltwater Tour Final 2022 (5.6)}) ({RR} 9. Nxd5 Qxd5 10. Qc2 Ba6 11. Bxa6 Nxa6 12. Qa4 Qb7 13. b4 c5 14. bxc5 bxc5 15. O-O cxd4 16. Rfb1 Qc8 17. Rc1 Qb7 18. Nxd4 Rab8 19. Nc6 Qb5 20. Qa3 Rb6 21. Ne7+ Kh8 22. Ng6+ hxg6 23. Qxf8+ Kh7 {1-0 Larchikov,M (2053)-Brencher,P (1904) Hull 4NCL Congress 2024 (1.4)}) 9... Ne7 10. Bc4 $146 ({RR} 10. Be2 Bb7 11. O-O Nd7 12. Rfd1 Nf6 13. Qc2 Qc8 14. Nd2 c5 15. dxc5 Qxc5 16. Nb3 Qe5 17. f3 Rac8 18. Qd2 Ng6 19. g3 Qb8 20. Qe3 Qa8 21. Rd2 Ne5 22. Rad1 Nc4 23. Bxc4 Rxc4 24. Nb5 Ba6 {0-1 Wagner,R (1750)-Zwetz,J (1756) Bayernliga 1213 U20 2012 (5.4)}) 10... Ba6 11. Bxa6 Nxa6 12. O-O c5 13. Rfd1 cxd4 14. Qxd4 Qxd4 15. Rxd4 Rfd8 16. Rad1 Nc6 17. Rd6 Rxd6 18. Rxd6 Rc8 19. h3 h6 20. Nd4 Nxd4 21. Rxd4 Nb8 22. Nb5 a6 23. Na7 Re8 24. Rd6 b5 25. e5 Kf8 26. b4 g5 27. g3 Ke7 28. Nc6+ Nxc6 29. Rxc6 Ra8 30. Rc7+ Ke8 31. Rb7 Kf8 32. Rb6 a5 33. a3 axb4 34. axb4 Ra1+ 35. Kg2 Re1 36. Rxb5 Re4 37. Kf3 Rd4 38. Rb8+ Kg7 39. b5 h5 40. Ke3 Rb4 41. b6 f6 42. exf6+ Kxf6 43. b7 h4 44. Rf8+ 1-0